| 000 | 01317nam a2200241Ia 4500 | ||
|---|---|---|---|
| 003 | Ost | ||
| 005 | 20260416102352.0 | ||
| 008 | 260416s9999||||xx |||||||||||||| ||und|| | ||
| 040 | _cfsecg | ||
| 041 | _aara | ||
| 082 | _a658.834 | ||
| 100 |
_aلسود، راضية _eمؤلف |
||
| 245 | 0 |
_aمحاضرات في مقياس سلوك المستهلك / _c راضية لسود |
|
| 260 |
_aالجزائر _bجامعة الجزائر3: كلية العلوم الإقتصادية، العلوم التجارية وعلوم التسيير _c2017 |
||
| 300 |
_a108 ورقة _bايضاحات _c30 سم |
||
| 504 | _aمراجع ص.103 | ||
| 520 | _aماهية سلوك المستهلك، أنواع المستهلكين، مفاهيم مرتبطة بالمستهلك، القرار الشرائي، مراحل اتخاذ القرار الشرائي، العوامل المؤثرة في اتخاذ القرارت الشرائية، نماذج دراسة سلوك المستهلك، التسويق المباشر وسلوك المستهلك | ||
| 653 | _aالاستهلاك | ||
| 653 | _aالشراء | ||
| 653 | _aالمستهلكون | ||
| 710 |
_aجامعة الجزائر3: كلية العلوم الإقتصادية، العلوم التجارية وعلوم التسيير _eناشر علمي |
||
| 942 | _cHANDOUT | ||
| 999 |
_c41052 _d41052 |
||